000 00323nam a2200133Ia 4500
005 20260326100044.0
008 260326s9999||||xx |||||||||||||| ||und||
100 _aKappelmacher, Carola
245 0 _aKenzo Tange /
_cCarola Kappelmacher
260 _bGustavo Gili
300 _a240 p.
650 _aARQUITECTOS
942 _cBK
999 _c7124
_d7124